Umelá inteligencia zmení priemysel
Umelá inteligencia a jej príležitosť pre zmenu odvetvia v priemyselnej výrobe. Pridaná hodnota spočíva v analýzach dát a strojovom učení. Rola UI pri chránení peňazí, ktoré podnik vynakladá na obstarávanie.
Salvato in:
| Autore principale: | |
|---|---|
| Natura: | Capitolo di libro |
| Lingua: | slovacco |
| Soggetti: | |
| Tags: |
Nessun Tag, puoi essere il primo ad aggiungerne!!
|
MARC
| LEADER | 00000naa a2200000 4500 | ||
|---|---|---|---|
| 001 | 0258703 | ||
| 005 | 20191003100618.4 | ||
| 041 | 0 | |a slo | |
| 044 | |a SK | ||
| 245 | 1 | 0 | |a Umelá inteligencia zmení priemysel |c Richard Kraus |
| 520 | |a Umelá inteligencia a jej príležitosť pre zmenu odvetvia v priemyselnej výrobe. Pridaná hodnota spočíva v analýzach dát a strojovom učení. Rola UI pri chránení peňazí, ktoré podnik vynakladá na obstarávanie. | ||
| 610 | 2 | 0 | |a inteligencia umelá |
| 610 | 2 | 0 | |a obstarávanie |
| 610 | 2 | 0 | |a náklady |
| 610 | 2 | 0 | |a výroba priemyselná |
| 610 | 2 | 0 | |a podnik priemyselný |
| 610 | 2 | 0 | |a technológie nové |
| 100 | 1 | |a Kraus, Richard | |